Conserving the wild relatives of crops /

محفوظ في:

المؤلف الرئيسي: Hoyt, Erich.

مؤلف مشترك: International Board for Plant Genetic Resources.

مؤلفون آخرون: Brown, Susanah (المصور)

التنسيق: كتاب

اللغة: English

منشور في: Rome, Italy : International Board for Plant Genetic Resources (IBPGR); Gland, Switzerland : International Union for Conservation of Nature and Natural Resources (IUCN) : World Wide Fund for Nature (WWF), c1988.

الموضوعات:

الوسوم: إضافة وسم

لا توجد وسوم, كن أول من يضع وسما على هذه التسجيلة!

رقم الطلب: ( P )QK86 .A1 H72 1988

LEADER 01270nam a2200253Ia 4500
003 OSt
005 20240709113818.0
008 890127s1988 it a b 00010 eng d
952 |0 0  |1 0  |2 lcc  |4 0  |7 1  |9 43852  |a ARCE  |b ARCE  |d 2022-11-24  |l 0  |o ( P )QK86 .A1 H72 1988  |p 1025022  |r 2022-11-24 00:00:00  |w 2022-11-24  |y BK 
999 |c 50309  |d 50309 
040 |c ARCE Library 
050 4 |a ( P )QK86 .A1 H72 1988 
100 1 |a Hoyt, Erich. 
245 1 0 |a Conserving the wild relatives of crops /   |c by Erich Hoyt ; illustrations by Susanah Brown. 
264 1 |a Rome, Italy :   |b International Board for Plant Genetic Resources (IBPGR); Gland, Switzerland : International Union for Conservation of Nature and Natural Resources (IUCN) : World Wide Fund for Nature (WWF),   |c c1988. 
300 |a 45 p. :   |b col. ill. ;   |c 26 cm. 
504 |a Bibliography: p. 45. 
505 0 |a How our crop plants developed -- Useful genes from wild species -- Conserving wild relatives in genebanks -- Conserving wild relatives in natural areas -- The future for wild relatives: what to do next? 
650 0 |a Germplasm resources, Plant. 
650 0 |a Plant conservation. 
700 1 |a Brown, Susanah,   |e [illustrator] 
710 2 |a International Board for Plant Genetic Resources. 
901 |a reviewed 
942 |2 lcc  |c BK